| 000 | 00489nam a2200193Ia 4500 | ||
|---|---|---|---|
| 005 | 20240913125535.0 | ||
| 008 | 240913s9999||||xx |||||||||||||| ||und|| | ||
| 020 | _a978-0-07-062096-1 | ||
| 041 | _aENGLISH | ||
| 082 | _A621.3193 P8 | ||
| 100 | _aHemant Joshi | ||
| 245 | 0 | _aResidential,Cooercial and Industrial Electrical Systems Vol 3 | |
| 250 | _a1st | ||
| 260 |
_c2008 _bTMH New D |
||
| 500 | _aREFERENCE | ||
| 650 |
_aElectrical _bElectrical |
||
| 942 | _cREF | ||
| 999 |
_c245761 _d245761 |
||